000 00792nam a22002057a 4500
005 20180504122306.0
010 _a1718EN-30ENG-122233 B-681722-724
020 _a9789386338334
_c495.00
035 _aB-681722-724
037 _bPragati
_adpl
037 _bDBAD/PUB
082 _a881
100 _aNerlekar, Anjali
245 1 4 _aBombay modern
_cby Anjali Nerlekar
_bArun Kolatkar and bilingual literary culture
260 _aNew Delhi
_bSpeaking Tiger Publishing
_c2017
270 _a4381/4,Ansari Road,Daryaganj
_bNew Delhi
_e110002
300 _axx;292p.
_c22cm.(pbk)
942 _2ddc
_cEN
_mNER
_h881
999 _c145588
_d145588